Southville International School and Colleges
Your cart is empty.
  • Cart
  • Lists
    Public lists Eva Luna New books Lux_list list_1
    Your lists Log in to create your own lists
  • Log in to your account
  • Your cookies
  • Search history
Southville International School and Colleges
  • Advanced search
  • Recent comments
  • Most popular
  • Libraries

Log in to your account

Log in with GOOGLE


If you do not have an external account, but do have a local account, you can still log in:

  1. Home
  2. MARC view: Watching reality TV shows and the social behavior of middle school students /
Normal view MARC view ISBD view

Watching reality TV shows and the social behavior of middle school students / (Record no. 97978)

[ view plain ]
MARC details
000 -LEADER
fixed length control field 00846nam a2200217 a 4500
003 - CONTROL NUMBER IDENTIFIER
control field 0
005 - DATE AND TIME OF LATEST TRANSACTION
control field 20250314080323.0
008 - FIXED-LENGTH DATA ELEMENTS--GENERAL INFORMATION
fixed length control field 080526s19uu xx 00 eng d
050 ## - LIBRARY OF CONGRESS CALL NUMBER
Classification number PGS HM 1166
Item number .M433 2007
100 ## - MAIN ENTRY--PERSONAL NAME
Personal name Matibag, Abby Geraldine P.
245 ## - TITLE STATEMENT
Title Watching reality TV shows and the social behavior of middle school students /
Statement of responsibility, etc Abbey Geraldine P. Matibag.
260 ## - PUBLICATION, DISTRIBUTION, ETC. (IMPRINT)
Place of publication, distribution, etc Las Piñas City, Philippines :
Name of publisher, distributor, etc Southville International School and Colleges,
Date of publication, distribution, etc 2007.
300 ## - PHYSICAL DESCRIPTION
Extent 34 pages :
Other physical details illustrations ;
Dimensions 28 cm.
504 ## - BIBLIOGRAPHY, ETC. NOTE
Bibliography, etc Includes bibliographical references.
650 ## - SUBJECT ADDED ENTRY--TOPICAL TERM
Topical term or geographic name as entry element Reality television programs
Form subdivision Psychological aspects.
650 ## - SUBJECT ADDED ENTRY--TOPICAL TERM
Topical term or geographic name as entry element Reality television programs
Form subdivision Social aspects.
650 ## - SUBJECT ADDED ENTRY--TOPICAL TERM
Topical term or geographic name as entry element Television and youth.
650 ## - SUBJECT ADDED ENTRY--TOPICAL TERM
Topical term or geographic name as entry element Social behavior in adolescence.
650 ## - SUBJECT ADDED ENTRY--TOPICAL TERM
Topical term or geographic name as entry element Mass media and youth.
942 ## - ADDED ENTRY ELEMENTS (KOHA)
Source of classification or shelving scheme Library of Congress Classification
Koha item type PASS
Holdings
Withdrawn status Lost status Source of classification or shelving scheme Damaged status Home library Current library Shelving location Date acquired Source of acquisition Total Checkouts Full call number Barcode Date last seen Price effective from Koha item type
    Library of Congress Classification   Luxembourg Library Luxembourg Library Portfolio Assessment of SISC Students Section 05/26/2008 Donation   PGS HM 1166 .M433 2007 P2071 04/08/2014 04/08/2014 PASS

Watching reality TV shows and the social behavior of middle school students /

APA

Matibag A. G. P., . (2007). Watching reality TV shows and the social behavior of middle school students. Las Piñas City, Philippines: Southville International School and Colleges.

Chicago

Matibag Abby Geraldine P, . 2007. Watching reality TV shows and the social behavior of middle school students. Las Piñas City, Philippines: Southville International School and Colleges.

Harvard

Matibag A. G. P., . (2007). Watching reality TV shows and the social behavior of middle school students. Las Piñas City, Philippines: Southville International School and Colleges.

MLA

Matibag Abby Geraldine P, . Watching reality TV shows and the social behavior of middle school students. Las Piñas City, Philippines: Southville International School and Colleges. 2007.

  • Print
  • Cite
  • Add to your cart (remove)
  • Save record
    BIBTEX Dublin Core MARCXML MARC (non-Unicode/MARC-8) MARC (Unicode/UTF-8) MARC (Unicode/UTF-8, Standard) MODS (XML) RIS
  • More searches
    Search for this title in:
    Other Libraries (WorldCat) Other Databases (Google Scholar) Online Stores (Bookfinder.com) Open Library (openlibrary.org)

Exporting to Dublin Core...

SOUTHVILLE LIBRARY

Southville International School and Colleges Library

1281 Tropical Ave. Cor. Luxembourg St., BF Homes International, Las Pinas City

Tel. No. 8256374 / 252358 Loc. 117/146

Powered by Koha